Orbit - Spectrum Policy Evaluating Propasals and Regimes for Outer Space

Na minha lista:
Detalhes bibliográficos
Autor principal: Hart, Ruth F.G
Formato: Livro
Idioma:inglês
Publicado em: Brisbane University 1990
Edição:1. ed.
Colecção:Discussion Paper No.38
Tags: Adicionar Tag
Sem tags, seja o primeiro a adicionar uma tag!

MARC

LEADER 00000nam a2200000 4500
001 c021985
005 20221215114250.4
041 0 |a eng 
044 |a AU 
245 1 0 |a Orbit - Spectrum Policy  |b Evaluating Propasals and Regimes for Outer Space  |c Ruth F.G. Hart 
250 |a 1. ed. 
264 1 |a Brisbane  |b University  |c 1990 
300 |a 28 s. 
490 1 |a Discussion Paper  |v No.38 
830 0 |a Discussion Paper  |v No.38 
100 1 |a Hart, Ruth F.G.